000 00692nam a2200253Ia 4500
003 OSt
005 20221007110532.0
006 a|||||r|||| 00| 0
007 ta
008 221006b |||||||| |||| 00| 0 eng d
024 _a21,310
037 _cTextual
040 _aLCO
_cLCO
_beng
041 _2eng
_aeng
082 _aY:4, L4
100 _aRock Paul Ed.
_9435992
245 0 _aDeviance and Social Control
260 _aLondon
_bTavistock Publications Limited U.K.
_c1974
300 _a322
650 _aSOCIAL CONTROL
_9707617
700 _a McIntosh Mary Ed.
_9707618
942 _hY:4, L4
_cTEXL
999 _c1190873
_d1190873